<?xml version="1.0" encoding="UTF-8"?>
<marc:record xmlns:marc="http://www.loc.gov/MARC21/slim">
   <marc:leader>00000nam a2200000 a 4500</marc:leader>
   <marc:datafield ind1=" " ind2=" " tag="653">
      <marc:subfield code="a">DVD-Video</marc:subfield>
   </marc:datafield>
   <marc:datafield ind1=" " ind2=" " tag="653">
      <marc:subfield code="a">Western (Spielfilme auf DVD)</marc:subfield>
   </marc:datafield>
   <marc:datafield ind1="0" ind2="0" tag="245">
      <marc:subfield code="a">the Ballad of Lefty Brown</marc:subfield>
   </marc:datafield>
   <marc:datafield ind1=" " ind2="1" tag="264">
      <marc:subfield code="b">Eurovideo</marc:subfield>
      <marc:subfield code="c">2018</marc:subfield>
   </marc:datafield>
   <marc:datafield ind1="1" ind2=" " tag="520">
      <marc:subfield code="a">Darsteller: Bill Pullman, Kathy Baker, Jim Caviezel, Tommy Flanagan, Peter Fonda
Regisseur(e): Jared Moshe
Lefty Brown (Bill Pullman) ist ein 63-jähriger Handlanger. Treu ergeben, veschroben und selten ernst genommen, ist er seit seiner Jugend die rechte Hand des legendären Cowboys Edward Johnson (Peter Fonda). Doch dann wurde Johnson zum Senator von Montana ernannt und von einem Viehdieb (Joe Anderson) getötet. Von Schuldgefühlen geplagt, macht sich Lefty auf die Suche nach dem Mörder und wenn es das Letzte ist, was er tut. Denn was ist ein Lefty Brown in einer Welt ohne Edward Johnson?</marc:subfield>
   </marc:datafield>
   <marc:datafield ind1="3" ind2=" " tag="024">
      <marc:subfield code="a">4009750233733</marc:subfield>
   </marc:datafield>
</marc:record>
